Statistics for All Canadian Cities By Population (2021)

Click here to take the quiz!

General Stats

  • This quiz has been taken 17 times
    (6 since last reset)
  • The average score is 87 of 267

Answer Stats

ProvincePopulationAnswer% Correct
Alberta1,306,784Calgary
100%
Alberta1,010,899Edmonton
100%
Ontario569,353Hamilton
100%
Quebec1,762,949Montréal
100%
Ontario1,017,449Ottawa
100%
Quebec549,459Québec
100%
Saskatchewan266,141Saskatoon
100%
Ontario2,794,356Toronto
100%
British Columbia662,248Vancouver
100%
Manitoba749,607Winnipeg
100%
Ontario422,324London
83%
Ontario717,961Mississauga
83%
Ontario94,415Niagara Falls
83%
New Brunswick69,895Saint John
83%
Newfoundland110,525St. John's
83%
New Brunswick63,116Fredericton
67%
Quebec291,041Gatineau
67%
Ontario132,485Kingston
67%
Quebec438,366Laval
67%
Ontario338,503Markham
67%
Ontario52,662North Bay
67%
British Columbia76,708Prince George
67%
Saskatchewan226,404Regina
67%
Ontario72,051Sault Ste. Marie
67%
Ontario108,843Thunder Bay
67%
British Columbia91,867Victoria
67%
Ontario121,436Waterloo
67%
British Columbia153,524Abbotsford
50%
Alberta74,100Airdrie
50%
Ontario147,829Barrie
50%
Ontario55,071Belleville
50%
Ontario656,480Brampton
50%
Ontario39,474Brant
50%
Ontario104,688Brantford
50%
British Columbia249,125Burnaby
50%
Prince Edward Island38,809Charlottetown
50%
British Columbia93,203Chilliwack
50%
British Columbia148,625Coquitlam
50%
British Columbia108,455Delta
50%
Quebec15,063
Gaspé
50%
Quebec79,258Drummondville
50%
Alberta64,141Grande Prairie
50%
Ontario166,004Greater Sudbury
50%
Ontario143,740Guelph
50%
Nunavut7,429Iqaluit
50%
British Columbia97,902Kamloops
50%
British Columbia144,576Kelowna
50%
Ontario256,885Kitchener
50%
British Columbia28,963Langley
50%
Alberta98,406Lethbridge
50%
Quebec254,483Longueuil
50%
Alberta63,271Medicine Hat
50%
Saskatchewan33,665Moose Jaw
50%
British Columbia99,863Nanaimo
50%
British Columbia78,916New Westminster
50%
British Columbia58,120North Vancouver
50%
Ontario175,383Oshawa
50%
Ontario83,651Peterborough
50%
British Columbia61,498Port Coquitlam
50%
British Columbia12,300Prince Rupert
50%
Alberta100,844Red Deer
50%
British Columbia209,937Richmond
50%
Ontario202,022Richmond Hill
50%
Quebec32,935Saint-Georges
50%
Quebec57,239Saint-Hyacinthe
50%
Ontario72,047Sarnia
50%
Quebec172,950Sherbrooke
50%
Ontario136,803St. Catharines
50%
British Columbia568,322Surrey
50%
Quebec119,944Terrebonne
50%
Ontario41,145Timmins
50%
Quebec139,163Trois-Rivières
50%
Quebec32,752Val-d'Or
50%
Yukon28,201Whitehorse
50%
Ontario229,660Windsor
50%
Northwest Territories20,340Yellowknife
50%
Saskatchewan16,280Yorkton
50%
Quebec20,687Baie-Comeau
33%
New Brunswick12,157Bathurst
33%
Quebec59,819Blainville
33%
Manitoba51,313Brandon
33%
Quebec91,525Brossard
33%
Ontario186,948Burlington
33%
Ontario138,479Cambridge
33%
British Columbia35,519Campbell River
33%
Ontario47,845Cornwall
33%
British Columbia28,420Courtenay
33%
British Columbia20,499Cranbrook
33%
New Brunswick28,114Dieppe
33%
Quebec13,134
Sainte-Marie
33%
Alberta27,088Fort Saskatchewan
33%
Quebec69,025Granby
33%
Ontario79,247Kawartha Lakes
33%
Ontario14,967Kenora
33%
British Columbia46,584Langford
33%
Quebec149,683Lévis
33%
Alberta19,739Lloydminster
33%
Saskatchewan11,843Lloydminster
33%
Quebec61,108Mirabel
33%
New Brunswick79,470Moncton
33%
Manitoba9,929Morden
33%
Ontario33,411Orillia
33%
British Columbia36,885Penticton
33%
Ontario99,186Pickering
33%
British Columbia13,943Powell River
33%
Saskatchewan37,756Prince Albert
33%
Ontario25,704Prince Edward
33%
Quebec86,100Repentigny
33%
Quebec48,935Rimouski
33%
Quebec144,723Saguenay
33%
Quebec17,347Sainte-Catherine
33%
Quebec97,873Saint-Jean-sur-Richelieu
33%
Quebec80,213Saint-Jérôme
33%
Quebec24,569Sept-Îles
33%
Quebec49,620Shawinigan
33%
Quebec35,165Sorel-Tracy
33%
Manitoba17,806Steinbach
33%
Prince Edward Island16,001Summerside
33%
British Columbia7,920Trail
33%
Ontario323,103Vaughan
33%
British Columbia44,519Vernon
33%
Quebec47,760Victoriaville
33%
Ontario55,750Welland
33%
British Columbia21,939White Rock
33%
Quebec30,331Alma
17%
British Columbia5,323Armstrong
17%
Alberta20,888Beaumont
17%
Quebec24,104Beloeil
17%
Quebec28,308Boisbriand
17%
Quebec10,159Bois-des-Filion
17%
Quebec41,743Boucherville
17%
Ontario22,116Brockville
17%
Alberta14,924Brooks
17%
New Brunswick7,047Campbellton
17%
Alberta18,772Camrose
17%
Quebec22,997Candiac
17%
British Columbia8,338Castlegar
17%
Quebec31,444Chambly
17%
Quebec50,815Châteauguay
17%
Alberta22,163Chestermere
17%
Ontario26,505Clarence-Rockland
17%
Alberta15,661Cold Lake
17%
British Columbia18,961Colwood
17%
Newfoundland19,333Corner Brook
17%
Quebec34,504Côte-Saint-Luc
17%
Manitoba8,368Dauphin
17%
British Columbia12,323Dawson Creek
17%
Quebec12,675
Amos
17%
Quebec19,277
Beaconsfield
17%
Quebec13,638
Beauharnois
17%
Quebec13,561
Bécancour
17%
Quebec11,357
Bromont
17%
Quebec11,740
Carignan
17%
Quebec15,234
Cowansville
17%
Quebec17,915
Deux-Montagnes
17%
Quebec13,718
Dolbeau-Mistassini
17%
Quebec19,302
Dorval
17%
Quebec16,970
L'Ancienne-Lorette
17%
Quebec26,406
La Prairie
17%
Quebec11,129
La Tuque
17%
Quebec14,425
Lavaltrie
17%
Quebec11,638
L'Île-Perrot
17%
Quebec11,332
Marieville
17%
Quebec13,987
Matane
17%
Quebec14,626
Mercier
17%
Quebec14,180
Mont-Laurier
17%
Quebec11,427
Notre-Dame-de-l'Île-Perrot
17%
Quebec14,751
Pincourt
17%
Quebec14,090
Rosemère
17%
Quebec26,273
Saint-Bruno-de-Montarville
17%
Quebec17,740
Saint-Colomban
17%
Quebec14,010
Sainte-Adèle
17%
Quebec11,211
Sainte-Agathe-des-Monts
17%
Quebec26,533
Sainte-Thérèse
17%
Quebec11,580
Saint-Sauveur
17%
Quebec42,787
Salaberry-de-Valleyfield
17%
Quebec48,403Dollard-Des Ormeaux
17%
Ontario7,388Dryden
17%
British Columbia5,047Duncan
17%
New Brunswick16,437Edmundston
17%
Ontario11,372Elliot Lake
17%
British Columbia3,028Enderby
17%
Saskatchewan10,851Estevan
17%
Quebec10,149Farnham
17%
British Columbia6,320Fernie
17%
Saskatchewan159Flin Flon
17%
Manitoba4,940Flin Flon
17%
British Columbia21,465Fort St. John
17%
British Columbia4,112Grand Forks
17%
British Columbia702Greenwood
17%
Ontario49,216Haldimand
17%
Saskatchewan6,033Humboldt
17%
Quebec21,384Joliette
17%
British Columbia8,115Kimberley
17%
Quebec14,100Lachute
17%
Alberta13,396Lacombe
17%
Quebec23,442L'Assomption
17%
Alberta34,094Leduc
17%
Quebec28,312Magog
17%
British Columbia90,990Maple Ridge
17%
Saskatchewan10,549Martensville
17%
Quebec51,183Mascouche
17%
Saskatchewan5,322Meadow Lake
17%
Saskatchewan5,955Melfort
17%
Saskatchewan4,493Melville
17%
British Columbia7,051Merritt
17%
New Brunswick17,692Miramichi
17%
British Columbia41,519Mission
17%
Quebec10,999Montmagny
17%
Quebec20,953Mont-Royal
17%
Quebec18,859Mont-Saint-Hilaire
17%
Quebec10,992Mont-Tremblant
17%
Newfoundland22,477Mount Pearl
17%
British Columbia11,106Nelson
17%
Ontario67,490Norfolk
17%
Saskatchewan13,836North Battleford
17%
Ontario21,612Owen Sound
17%
British Columbia13,642Parksville
17%
Ontario14,364Pembroke
17%
British Columbia19,146Pitt Meadows
17%
Quebec33,488Pointe-Claire
17%
Quebec10,121Pont-Rouge
17%
Manitoba13,270Portage la Prairie
17%
British Columbia18,259Port Alberni
17%
Ontario20,033Port Colborne
17%
British Columbia33,535Port Moody
17%
Quebec13,692Prévost
17%
British Columbia9,889Quesnel
17%
Ontario46,560Quinte West
17%
British Columbia8,275Revelstoke
17%
Quebec9,840Roberval
17%
British Columbia4,140Rossland
17%
Quebec42,313Rouyn-Noranda
17%
Quebec19,907Saint-Augustin-de-Desmaures
17%
Quebec17,053Saint-Basile-le-Grand
17%
Quebec29,954Saint-Constant
17%
Quebec15,221Sainte-Anne-des-Plaines
17%
Quebec30,045Sainte-Julie
17%
Quebec19,797Sainte-Marthe-sur-le-Lac
17%
Quebec45,276Saint-Eustache
17%
Quebec10,089Saint-Félicien
17%
Quebec22,761Saint-Lambert
17%
Quebec22,354Saint-Lazare
17%
Quebec24,030Saint-Lin - Laurentides
17%
Quebec11,108Saint-Raymond
17%
British Columbia19,432Salmon Arm
17%
Manitoba10,504Selkirk
17%
Alberta37,645Spruce Grove
17%
Alberta68,232St. Albert
17%
Ontario33,232Stratford
17%
Ontario42,840St. Thomas
17%
Saskatchewan16,750Swift Current
17%
Ontario9,634Temiskaming Shores
17%
British Columbia12,017Terrace
17%
Quebec26,072Thetford Mines
17%
Manitoba13,035Thompson
17%
Ontario23,816Thorold
17%
Quebec21,198Varennes
17%
Quebec43,268Vaudreuil-Dorion
17%
Saskatchewan12,419Warman
17%
British Columbia36,078West Kelowna
17%
Quebec19,658Westmount
17%
Alberta12,594Wetaskiwin
17%
Saskatchewan11,019Weyburn
17%
British Columbia10,947Williams Lake
17%
Manitoba13,745Winkler
17%
Ontario46,705Woodstock
17%

Score Distribution

Percentile by Number Answered

Percent of People with Each Score

Your Score History

You have not taken this quiz since the last reset